Online
Catalog

Colectores de plantas de la Hispaniola / (Record no. 7210)

MARC details
000 -CABECERA
campo de control de longitud fija 01784nam a2200349 i 4500
001 - NÚMERO DE CONTROL
campo de control 000007429
003 - IDENTIFICADOR DEL NÚMERO DE CONTROL
campo de control DO-SdBNP
005 - FECHA Y HORA DE LA ÚLTIMA TRANSACCIÓN
campo de control 20250801143203.0
007 - CAMPO FIJO DE DESCRIPCIÓN FÍSICA--INFORMACIÓN GENERAL
campo de control de longitud fija ta
008 - DATOS DE LONGITUD FIJA--INFORMACIÓN GENERAL
campo de control de longitud fija 090908s1985 dr c 001 0 spa d
040 ## - FUENTE DE LA CATALOGACIÓN
Centro catalogador/agencia de origen DO-SdBNP
Lengua de catalogación spa
Centro/agencia transcriptor BNPHU
Normas de descripción rda
041 ## - CÓDIGO DE LENGUA
Código de lengua del texto/banda sonora o título independiente spa
082 #4 - NÚMERO DE LA CLASIFICACIÓN DECIMAL DEWEY
Número de clasificación 925.8
Número de documento/Ítem J56c
Número de edición 22
100 1# - ENTRADA PRINCIPAL--NOMBRE DE PERSONA
Nombre de persona Jiménez, José de Jesús,
Fechas asociadas al nombre 1905-1982
9 (RLIN) 20632
Término indicativo de función/relación autor
Código de función/relación aut.
245 10 - MENCIÓN DE TÍTULO
Título Colectores de plantas de la Hispaniola /
Mención de responsabilidad, etc. José De Jesús Jiménez ; prólogo, Henri Alain Liogier ; composición, Matilde de Martínez ; diagramación, Charne Román Peña ; datos biográficos, José de Jesús Jiménez Olavarrieta.
264 ## - PRODUCCIÓN, PUBLICACIÓN, DISTRIBUCIÓN, FABRICACIÓN Y COPYRIGHT
Producción, publicación, distribución, fabricación y copyright Santiago de los Caballeros, República Dominicana :
Nombre del de productor, editor, distribuidor, fabricante Universidad Católica Madre y Maestra,
Fecha de producción, publicación, distribución, fabricación o copyright 1985.
300 ## - DESCRIPCIÓN FÍSICA
Extensión 196 páginas :
Otras características físicas ilustraciones, retratos ;
Dimensiones 22 cm.
336 ## - TIPO DE CONTENIDO
Término de tipo de contenido texto
Código de tipo de contenido txt
Fuente rdacontent
337 ## - TIPO DE MEDIO
Nombre/término del tipo de medio sin mediación
Código del tipo de medio n
Fuente rdamedia
338 ## - TIPO DE SOPORTE
Nombre/término del tipo de soporte volumen
Código del tipo de soporte nc
Fuente rdacarrier
490 0# - MENCIÓN DE SERIE
Mención de serie Colección Estudios ;
Designación de volumen o secuencia 109
500 ## - NOTA GENERAL
Nota general Incluye índice.
500 ## - NOTA GENERAL
Nota general Incluye datos biográficos del autor en las páginas 13-19
504 ## - NOTA DE BIBLIOGRAFÍA, ETC.
Nota de bibliografía, etc. Bibliografías: página 184
505 ## - NOTA DE CONTENIDO CON FORMATO
Nota de contenido con formato Prólogo, 9.-- Datos biográficos del Dr. José de Jesús Jiménez Almonte, 13.-- Introducción, 21.-- Colectores de plantas en La Hispaniola, 25.-- Índice alfabético de Colectores de Plantas en La Hispaniola, 185.-- Índice cronológico de Colectores de Plantas en La Hispaniola con fechas aproximadas de colección, 191.
590 ## - NOTA LOCAL (RLIN)
Nota local Inventariado, 2025/ YL
650 #4 - PUNTO DE ACCESO ADICIONAL DE MATERIA--TÉRMINO DE MATERIA
Término de materia o nombre geográfico como elemento de entrada Botánicos
Subdivisión geográfica República Dominicana
9 (RLIN) 20633
Subdivisión general Historia
700 1# - PUNTO DE ACCESO ADICIONAL--NOMBRE DE PERSONA
Nombre de persona Alain Liogier, Henri,
Término indicativo de función/relación prologuista
9 (RLIN) 20634
Código de función/relación pr.
700 1# - PUNTO DE ACCESO ADICIONAL--NOMBRE DE PERSONA
Nombre de persona Jiménez Olavarrieta, José de Jesús
Término indicativo de función/relación biógrafo
Código de función/relación bi.
9 (RLIN) 51183
910 ## - DATOS DE OPCIÓN DEL USUARIO (OCLC)
Datos de opción del usuario YLockward. Validado. Control de Calidad/MAA
942 ## - ELEMENTOS DE PUNTO DE ACCESO ADICIONAL (KOHA)
Fuente del sistema de clasificación o colocación Dewey Decimal Classification
Tipo de ítem Koha Libro
Holdings
Estado de retiro Estado de pérdida Fuente del sistema de clasificación o colocación Restricciones de uso No para préstamo Código de colección Localización permanente Ubicación/localización actual Ubicación en estantería Fecha de adquisición Total de préstamos Signatura topográfica completa Código de barras Fecha visto por última vez Fecha del último préstamo Número de copia Precio válido a partir de Tipo de ítem Koha Nota pública Fuente de adquisición
    Dewey Decimal Classification Préstamo en sala   Dominicana de Servicio Biblioteca Nacional Pedro Henríquez Ureña Biblioteca Nacional Pedro Henríquez Ureña Depósito 30.09.2009 1 BNPHU DS 925.8 J61c 7429-30 08.09.2025 08.09.2025 e.3 25.06.2020 Libro Dedicado por el autor  
    Dewey Decimal Classification Préstamo en sala   Dominicana de Servicio Biblioteca Nacional Pedro Henríquez Ureña Biblioteca Nacional Pedro Henríquez Ureña Depósito 30.09.2009 1 BNPHU DS 925.8 J61c 7429-40 08.09.2025 08.09.2025 e.4 25.06.2020 Libro Autografiado por el autor. Donado por la Flia. Arvelo
    Dewey Decimal Classification Excluido de préstamo   Patrimonio Dominicano Biblioteca Nacional Pedro Henríquez Ureña Biblioteca Nacional Pedro Henríquez Ureña Depósito 25.08.1985   BNPHU PD 925.8 J61c 7429-10 25.06.2020     25.06.2020 Libro   Depósito Legal
    Dewey Decimal Classification Excluido de préstamo   Patrimonio Dominicano Biblioteca Nacional Pedro Henríquez Ureña Biblioteca Nacional Pedro Henríquez Ureña Depósito 25.08.1985   BNPHU PD 925.8 J61c 7429-20 25.06.2020   e.2 25.06.2020 Libro   Por Ley
    Dewey Decimal Classification Préstamo en sala   Dominicana de Servicio Biblioteca Nacional Pedro Henríquez Ureña Biblioteca Nacional Pedro Henríquez Ureña Depósito 30.09.2009   BNPHU DS 925.8 J61c 2025-7315 25.07.2025   e.5 25.06.2020 Libro   Donado por UCMM

Powered by Koha